Die höchsten Gebäude in New York - Statistiken

Allgemein
  • Dieses Quiz wurde 68 mal gespielt
  • Das Durchschnittsergebnis liegt bei 6 aus 102
Antwortstatistiken
Baujahr Etagen Höhe Gebäude % Korrekt
1931 102 381 m Empire State Building
85%
2014 104 541,3 m One World Trade Center
76%
1930 77 318,8 m Chrysler Building
42%
2006 49 226,5 m 7 World Trade Center
29%
2020 59 427 m One Vanderbilt
29%
1982 58 202,4 m Trump Tower
29%
2016 52 272,8 m 10 Hudson Yards
14%
2015 88 425,8 m 432 Park Avenue
14%
2020 50 214 m 25 Park Row
12%
2021 84 435,3 m 111 West 57th Street
10%
2016 67 282,2 m 30 Park Place
10%
2020 98 472,4 m Central Park Tower
10%
1963 59 246,3 m MetLife Building
10%
2022 56 285 m Two Manhattan West
10%
1913 57 241,4 m Woolworth Building
10%
1961 60 247,8 m 28 Liberty Street
8%
1930 71 282,6 m 40 Wall Street
8%
2019 70 278,6 m 15 Hudson Yards
7%
1931 57 225,9 m 20 Exchange Place
7%
2019 73 395 m 30 Hudson Yards
7%
2019 51 237,4 m 55 Hudson Yards
7%
2016 57 250,2 m 56 Leonard Street
7%
2009 55 365,8 m Bank of America Tower
7%
2014 72 297,7 m Four World Trade Center
7%
2004 47 221,3 m Times Square Tower
7%
2023 88 278 m 125 Greenwich Street
5%
2021 56 245,4 m 126 Madison Avenue
5%
2022 61 243,8 m 130 William
5%
2019 64 244,7 m 138 East 50th Street
5%
2018 63 231 m 19 Dutch
5%
2021 55 203,6 m 200 Amsterdam
5%
2019 72 304,8 m 35 Hudson Yards
5%
Baustopp 43 203,3 m 45 Park Place
5%
2022 78 308,2 m 50 Hudson Yards
5%
2019 82 320 m 53W53
5%
1932 67 290,2 m 70 Pine Street
5%
2022 93 327 m The Brooklyn Tower
5%
2018 69 328,9 m Three World Trade Center
5%
1967 52 209,7 m 140 Broadway
3%
Baustopp 60 204,2 m 161 Maiden Lane
3%
2013 67 229,6 m 1717 Broadway
3%
1986 53 225,2 m 200 Vesey Street
3%
2016 65 217,9 m 252 East 57th Street
3%
2011 76 267 m 8 Spruce Street
3%
2018 56 224,8 m ARO
3%
1989 42 208,8 m Morgan Stanley Building
3%
2018 61 216,7 m Selene
3%
2019 66 289,6 m 220 Central Park South
2%
2025* 60 423,1 m 270 Park Avenue
2%
2019 55 205,1 m 277 Fifth Avenue
2%
1963 50 209,4 m 277 Park Avenue
2%
2001 47 230,1 m 383 Madison Avenue
2%
2022 60 211,8 m 3Eleven
2%
2022 47 273,4 m 425 Park Avenue
2%
1931 59 212,4 m 500 Fifth Avenue
2%
2018 54 238 m 520 Park Avenue
2%
2020 57 220,3 m Brooklyn Point
2%
1977 59 278,9 m Citigroup Center
2%
1933 70 259,1 m Comcast Building
2%
1909 50 213,4 m Metropolitan Life Tower
2%
2014 79 306,4 m One57
2%
1990 50 205,1 m One Court Square
2%
1930 55 205,1 m One Grand Central Place
2%
1972 57 228,6 m One Penn Plaza
2%
2015 61 206 m Sky
2%
2021 67 230,1 m Sven
2%
2001 72 262,4 m Trump World Tower
2%
2018 60 240,2 m 111 Murray Street
0%
1972 51 205,4 m 1221 Avenue of the Americas
0%
1971 54 228,6 m 1251 Avenue of the Americas
0%
1990 44 223,4 m 1540 Broadway
0%
2010 44 228,3 m 200 West Street
0%
2018 64 237,3 m 50 West Street
0%
1972 53 209,4 m 55 Water Street
0%
1989 55 227,1 m 60 Wall Street
0%
1992 48 210,9 m Americas Tower
0%
1985 51 229,2 m Axa Equitable Center
0%
2007 56 205,1 m Barclay Tower
0%
2004 54 245,7 m Bloomberg Tower
0%
1991 60 230,7 m Carnegie Hall Tower
0%
1987 75 248,1 m CitySpire
0%
2004 55 228,3 m Deutsche Bank Center(North Tower)
0%
2004 55 228,3 m Deutsche Bank Center(South Tower)
0%
1993 52 207,9 m Four Seasons Hotel New York
0%
2000 48 246,6 m Four Times Square
0%
1968 50 214,9 m General Motors Building
0%
2017 61 237 m Madison Square Park Tower
0%
1985 68 218,2 m Metropolitan Tower
0%
2007 52 318,8 m New York Times Tower
0%
1972 54 227,1 m One Astor Plaza
0%
1973 54 226,5 m One Liberty Plaza
0%
2019 80 258,2 m One Manhattan Square
0%
2019 67 303,3 m One Manhattan West
0%
1989 50 237,1 m One Worldwide Plaza
0%
1970 48 204,2 m Paramount Plaza
0%
2003 52 208,5 m Random House Tower
0%
2021 67 232,4 m Skyline Tower
0%
1974 49 210 m Solow Building
0%
2022 67 258,3 m Sutton 58
0%
2017 51 209,4 m The Beekman Hotel& Residences
0%
2017 64 222,5 m The Eugene
0%
2022 65 313,9 m The Spiral
0%
Keine übereinstimmenden Quizze gefunden
Verteilung der Resultate
Anzahl Personen mit jedem Resultat
Perzentil nach korrekt beantworteten Fragen
Ihre Resultats-Entwicklung
Sie haben dieses Quiz noch nicht gespielt